Ľudia od reklamy utekajú. Ako to zmeniť
Ľudia všadeprítomnú reklamu ignorujú. Na vine sú značky samy - ťažko sa vyrovnávajú s tým, že strácajú kontrolu a moc sa presúva ku konzumentom. O tom, čo môžu značky v tomto smere urobiť, bola reč aj na tohtoročnej konferencii Trend marketing summit.
Salvato in:
| Autore principale: | |
|---|---|
| Natura: | Capitolo di libro |
| Lingua: | slovacco |
| Soggetti: | |
| Tags: |
Nessun Tag, puoi essere il primo ad aggiungerne!!
|
MARC
| LEADER | 00000naa a2200000 4500 | ||
|---|---|---|---|
| 001 | 0234542 | ||
| 005 | 20170719101633.7 | ||
| 041 | 0 | |a slo | |
| 044 | |a SK | ||
| 245 | 1 | 0 | |a Ľudia od reklamy utekajú. Ako to zmeniť |c Martin Poláš |
| 520 | |a Ľudia všadeprítomnú reklamu ignorujú. Na vine sú značky samy - ťažko sa vyrovnávajú s tým, že strácajú kontrolu a moc sa presúva ku konzumentom. O tom, čo môžu značky v tomto smere urobiť, bola reč aj na tohtoročnej konferencii Trend marketing summit. | ||
| 610 | 2 | 0 | |a reklama |
| 610 | 2 | 0 | |a propagácia |
| 610 | 2 | 0 | |a značky |
| 610 | 2 | 0 | |a marketing |
| 610 | 2 | 0 | |a komunikácia marketingová |
| 610 | 2 | 0 | |a zákazníci |
| 610 | 2 | 0 | |a digitalizácia |
| 610 | 2 | 0 | |a efektívnosť |
| 100 | 1 | |a Poláš, Martin | |